[Event "T-Director's Swiss sytem"]
[Site "playchess.com #662980"]
[Date "2014.03.16"]
[Round "3"]
[White "Strongpoint"]
[Black "henrid"]
[Result "1-0"]
[WhiteElo "1047"]
[BlackElo "1538"]
[PlyCount "141"]
[EventDate "2014.03.16"]
[EventType "swiss (blitz)"]

1. e4 {[%emt 0:00:04]} c5 {[%emt 0:00:06]} 2. c3 {[%emt 0:00:06]} d5 {[%emt 0:
00:10]} 3. e5 {[%emt 0:00:07]} d4 {[%emt 0:00:01]} 4. c4 {[%emt 0:00:05]} Nc6 {
[%emt 0:00:03]} 5. Qe2 {[%emt 0:00:13]} g6 {[%emt 0:00:12]} 6. d3 {[%emt 0:00:
07]} Bg7 {[%emt 0:00:01]} 7. f4 {[%emt 0:00:05]} e6 {[%emt 0:00:17]} 8. Nf3 {
[%emt 0:00:04]} Nge7 {[%emt 0:00:02]} 9. Bd2 {[%emt 0:00:12]} O-O {[%emt 0:00:
02]} 10. g4 {[%emt 0:00:06]} Qb6 {[%emt 0:00:12]} 11. b3 {[%emt 0:00:08]} Qc7 {
[%emt 0:00:36]} 12. Na3 {[%emt 0:00:15]} a6 {[%emt 0:00:05]} 13. Bg2 {[%emt 0:
00:06]} Rb8 {[%emt 0:00:01]} 14. h3 {[%emt 0:00:09]} b5 {[%emt 0:00:01]} 15.
Ng5 {[%emt 0:00:14]} Bd7 {[%emt 0:00:43]} 16. Ne4 {[%emt 0:00:05]} f5 {[%emt 0:
00:34]} 17. Nxc5 {[%emt 0:00:17]} b4 {[%emt 0:00:16]} 18. Nc2 {[%emt 0:00:15]}
Rb6 {[%emt 0:00:27]} 19. Bxc6 {[%emt 0:00:41]} Qxc6 {[%emt 0:00:06]} 20. Nxd7 {
[%emt 0:00:13]} Qxh1+ {[%emt 0:00:03]} 21. Qf1 {[%emt 0:00:04]} Qxf1+ {[%emt 0:
00:25]} 22. Kxf1 {[%emt 0:00:03]} Rfb8 {[%emt 0:00:19]} 23. Nxb8 {[%emt 0:00:
11]} Rxb8 {[%emt 0:00:04]} 24. Nxd4 {[%emt 0:00:05]} Kf7 {[%emt 0:00:10]} 25.
Ke2 {[%emt 0:00:07]} a5 {[%emt 0:00:01]} 26. Nb5 {[%emt 0:00:07]} Nc6 {[%emt 0:
00:12]} 27. Be3 {[%emt 0:00:13]} Bf8 {[%emt 0:00:07]} 28. d4 {[%emt 0:00:08]}
Rd8 {[%emt 0:00:11]} 29. Rd1 {[%emt 0:00:06]} Be7 {[%emt 0:00:15]} 30. d5 {
[%emt 0:00:06]} exd5 {[%emt 0:00:01]} 31. cxd5 {[%emt 0:00:03]} Nb8 {[%emt 0:
00:11]} 32. d6 {[%emt 0:00:14]} Bf8 {[%emt 0:00:01]} 33. Bb6 {[%emt 0:00:07]}
Rc8 {[%emt 0:00:04]} 34. Bxa5 {[%emt 0:00:06]} Rc2+ {[%emt 0:00:02]} 35. Rd2 {
[%emt 0:00:03]} Rxd2+ {[%emt 0:00:01]} 36. Kxd2 {[%emt 0:00:02]} Nc6 {[%emt 0:
00:00]} 37. Kd3 {[%emt 0:00:06]} Nxa5 {[%emt 0:00:02]} 38. Nd4 {[%emt 0:00:11]}
Ke8 {[%emt 0:00:02]} 39. gxf5 {[%emt 0:00:06]} Kd7 {[%emt 0:00:00]} 40. fxg6 {
[%emt 0:00:05]} hxg6 {[%emt 0:00:02]} 41. h4 {[%emt 0:00:02]} Nb7 {[%emt 0:00:
01]} 42. Kc4 {[%emt 0:00:05]} Bh6 {[%emt 0:00:01]} 43. Ne2 {[%emt 0:00:04]} Ke6
{[%emt 0:00:01]} 44. Kxb4 {[%emt 0:00:04]} Kf5 {[%emt 0:00:01]} 45. Kb5 {[%emt
0:00:04]} Bxf4 {[%emt 0:00:03]} 46. Nxf4 {[%emt 0:00:04]} Kxf4 {[%emt 0:00:00]}
47. Kc6 {[%emt 0:00:06]} Nd8+ {[%emt 0:00:03]} 48. Kd7 {[%emt 0:00:05]} Nb7 {
[%emt 0:00:02]} 49. e6 {[%emt 0:00:04]} Ke5 {[%emt 0:00:02]} 50. e7 {[%emt 0:
00:08]} Nxd6 {[%emt 0:00:01]} 51. e8=Q+ {[%emt 0:00:02]} Nxe8 {[%emt 0:00:01]}
52. Kxe8 {[%emt 0:00:01]} Kf5 {[%emt 0:00:01]} 53. b4 {[%emt 0:00:02]} Kg4 {
[%emt 0:00:01]} 54. b5 {[%emt 0:00:01]} Kxh4 {[%emt 0:00:01]} 55. b6 {[%emt 0:
00:01]} g5 {[%emt 0:00:00]} 56. b7 {[%emt 0:00:01]} g4 {[%emt 0:00:00]} 57.
b8=Q {[%emt 0:00:01]} g3 {[%emt 0:00:01]} 58. Qf4+ {[%emt 0:00:05]} Kh3 {[%emt
0:00:01]} 59. Qf1+ {[%emt 0:00:03]} g2 {[%emt 0:00:01]} 60. Qg1 {[%emt 0:00:01]
} Kg3 {[%emt 0:00:02]} 61. a3 {[%emt 0:00:01]} Kf3 {[%emt 0:00:01]} 62. a4 {
[%emt 0:00:01]} Ke4 {[%emt 0:00:01]} 63. a5 {[%emt 0:00:01]} Kd3 {[%emt 0:00:
00]} 64. a6 {[%emt 0:00:01]} Kc4 {[%emt 0:00:01]} 65. a7 {[%emt 0:00:01]} Kd5 {
[%emt 0:00:00]} 66. a8=Q+ {[%emt 0:00:02]} Kc4 {[%emt 0:00:00]} 67. Qaxg2 {
[%emt 0:00:02]} Kd3 {[%emt 0:00:01]} 68. Qd1+ {[%emt 0:00:02]} Kc4 {[%emt 0:00:
01]} 69. Qdg4+ {[%emt 0:00:02]} Kd3 {[%emt 0:00:01]} 70. Q2f3+ {[%emt 0:00:01]}
Kd2 {[%emt 0:00:02]} 71. Qgg2+ {[%emt 0:00:01] henrid abandonne} 1-0

[Event "T-Director's Swiss sytem"]
[Site "playchess.com #662980"]
[Date "2014.03.16"]
[Round "5"]
[White "Strongpoint"]
[Black "hmamouche"]
[Result "0-1"]
[WhiteElo "1079"]
[BlackElo "1644"]
[PlyCount "56"]
[EventDate "2014.03.16"]
[EventType "swiss (blitz)"]

1. e4 {[%emt 0:00:19]} e5 {[%emt 0:00:02]} 2. Nf3 {[%emt 0:00:03]} Nc6 {[%emt
0:00:01]} 3. d4 {[%emt 0:00:03]} exd4 {[%emt 0:00:02]} 4. Nxd4 {[%emt 0:00:02]}
d6 {[%emt 0:00:01]} 5. c3 {[%emt 0:00:02]} Be7 {[%emt 0:00:01]} 6. Bb5 {[%emt
0:00:04]} Bd7 {[%emt 0:00:02]} 7. O-O {[%emt 0:00:03]} Nf6 {[%emt 0:00:01]} 8.
Re1 {[%emt 0:00:04]} O-O {[%emt 0:00:01]} 9. Bg5 {[%emt 0:00:07]} a6 {[%emt 0:
00:02]} 10. Ba4 {[%emt 0:00:09]} h6 {[%emt 0:00:01]} 11. Bh4 {[%emt 0:00:11]}
Nh7 {[%emt 0:00:18]} 12. Bg3 {[%emt 0:00:07]} Nxd4 {[%emt 0:00:14]} 13. cxd4 {
[%emt 0:00:12]} b5 {[%emt 0:00:06]} 14. Bc2 {[%emt 0:00:05]} Rc8 {[%emt 0:00:
09]} 15. a3 {[%emt 0:00:05]} Be6 {[%emt 0:00:11]} 16. d5 {[%emt 0:00:13]} Bd7 {
[%emt 0:00:03]} 17. Nc3 {[%emt 0:00:04]} Bf6 {[%emt 0:00:08]} 18. Qd3 {[%emt 0:
00:10]} Be5 {[%emt 0:00:09]} 19. f4 {[%emt 0:00:08]} Bxc3 {[%emt 0:00:05]} 20.
Qxc3 {[%emt 0:00:04]} c6 {[%emt 0:00:05]} 21. Qd3 {[%emt 0:00:06]} cxd5 {[%emt
0:00:02]} 22. exd5 {[%emt 0:00:04]} g6 {[%emt 0:00:02]} 23. Rad1 {[%emt 0:00:
11]} Bf5 {[%emt 0:00:02]} 24. Re4 {[%emt 0:00:06]} Nf6 {[%emt 0:00:05]} 25. Qe2
{[%emt 0:00:29]} Nxe4 {[%emt 0:00:07]} 26. Bxe4 {[%emt 0:00:03]} Re8 {[%emt 0:
00:02]} 27. Bxf5 {[%emt 0:02:06]} Rxe2 {[%emt 0:00:04]} 28. Bxc8 {[%emt 0:00:
04]} Qxc8 {[%emt 0:00:06] Strongpoint abandonne} 0-1

[Event "T-Director's Swiss sytem"]
[Site "playchess.com #662980"]
[Date "2014.03.16"]
[Round "7"]
[White "Strongpoint"]
[Black "jobijo"]
[Result "0-1"]
[WhiteElo "1076"]
[BlackElo "1380"]
[PlyCount "98"]
[EventDate "2014.03.16"]
[EventType "swiss (blitz)"]

1. e4 {[%emt 0:00:03]} e5 {[%emt 0:00:16]} 2. c3 {[%emt 0:00:04]} Nc6 {[%emt 0:
00:03]} 3. d4 {[%emt 0:00:04]} exd4 {[%emt 0:00:12]} 4. cxd4 {[%emt 0:00:03]}
Bb4+ {[%emt 0:00:05]} 5. Nc3 {[%emt 0:00:05]} Nf6 {[%emt 0:00:17]} 6. e5 {
[%emt 0:00:11]} Nd5 {[%emt 0:00:05]} 7. Nge2 {[%emt 0:00:07]} Bxc3+ {[%emt 0:
00:26]} 8. bxc3 {[%emt 0:00:03]} O-O {[%emt 0:00:04]} 9. Ba3 {[%emt 0:00:04]}
Re8 {[%emt 0:00:03]} 10. Qb3 {[%emt 0:00:04]} Nde7 {[%emt 0:00:05]} 11. g3 {
[%emt 0:00:17]} Nf5 {[%emt 0:00:02]} 12. Bg2 {[%emt 0:00:05]} d6 {[%emt 0:00:
08]} 13. f4 {[%emt 0:00:48]} Ne3 {[%emt 0:00:04]} 14. Bxc6 {[%emt 0:00:05]}
bxc6 {[%emt 0:00:02]} 15. Kf2 {[%emt 0:00:09]} Ng4+ {[%emt 0:00:04]} 16. Kg2 {
[%emt 0:00:15]} dxe5 {[%emt 0:00:11]} 17. fxe5 {[%emt 0:00:14]} Qg5 {[%emt 0:
00:08]} 18. Nf4 {[%emt 0:00:05]} Qf5 {[%emt 0:00:08]} 19. Rae1 {[%emt 0:00:11]}
Bb7 {[%emt 0:00:04]} 20. Bc5 {[%emt 0:00:12]} Rab8 {[%emt 0:00:07]} 21. Qc4 {
[%emt 0:00:12]} g5 {[%emt 0:00:11]} 22. Qd3 {[%emt 0:00:16]} Qd7 {[%emt 0:00:
18]} 23. Nh5 {[%emt 0:00:06]} Qd5+ {[%emt 0:00:08]} 24. Qf3 {[%emt 0:00:08]}
Qxa2+ {[%emt 0:00:16]} 25. Re2 {[%emt 0:00:04]} Qd5 {[%emt 0:00:05]} 26. h3 {
[%emt 0:00:27]} Qxf3+ {[%emt 0:00:57]} 27. Kxf3 {[%emt 0:00:07]} Nh6 {[%emt 0:
00:06]} 28. Nf6+ {[%emt 0:00:09]} Kg7 {[%emt 0:00:07]} 29. Nxe8+ {[%emt 0:00:
07]} Rxe8 {[%emt 0:00:02]} 30. g4 {[%emt 0:00:14]} Ba6 {[%emt 0:00:04]} 31. Ra2
{[%emt 0:00:07]} Bc4 {[%emt 0:00:01]} 32. Rxa7 {[%emt 0:00:04]} Bd5+ {[%emt 0:
00:02]} 33. Ke3 {[%emt 0:00:08]} Bxh1 {[%emt 0:00:02]} 34. Rxc7 {[%emt 0:00:03]
} Kg8 {[%emt 0:00:07]} 35. Re7 {[%emt 0:00:06]} Ra8 {[%emt 0:00:14]} 36. Ra7 {
[%emt 0:00:06]} Rb8 {[%emt 0:00:13]} 37. Ra2 {[%emt 0:00:23]} Rb1 {[%emt 0:00:
07]} 38. Re2 {[%emt 0:00:07]} Rb3 {[%emt 0:00:04]} 39. Kd3 {[%emt 0:00:05]} Kg7
{[%emt 0:00:03]} 40. Kd2 {[%emt 0:00:10]} Ng8 {[%emt 0:00:09] '} 41. Ke3 {
[%emt 0:00:01]} Rb7 {[%emt 0:00:05]} 42. Kd3 {[%emt 0:00:03]} Bd5 {[%emt 0:00:
03]} 43. Re1 {[%emt 0:00:00]} Rd7 {[%emt 0:00:05]} 44. Rc1 {[%emt 0:00:01]} Be6
{[%emt 0:00:02]} 45. Ra1 {[%emt 0:00:05]} f6 {[%emt 0:00:02]} 46. Ra8 {[%emt 0:
00:02]} fxe5 {[%emt 0:00:03]} 47. Ke4 {[%emt 0:00:02]} exd4 {[%emt 0:00:01]}
48. c4 {[%emt 0:00:03]} d3 {[%emt 0:00:05]} 49. Ra2 {[%emt 0:00:05]} d2 {[%emt
0:00:02] Temps} 0-1

[Event "T-Director's Swiss sytem"]
[Site "playchess.com #662980"]
[Date "2014.03.16"]
[Round "6"]
[White "TapaniS"]
[Black "Borjigin"]
[Result "0-1"]
[WhiteElo "1892"]
[BlackElo "1654"]
[PlyCount "72"]
[EventDate "2014.03.16"]
[EventType "swiss (blitz)"]

1. d4 {[%emt 0:00:03]} e6 {[%emt 0:00:02]} 2. e4 {[%emt 0:00:03]} d5 {[%emt 0:
00:02]} 3. exd5 {[%emt 0:00:01]} exd5 {[%emt 0:00:01]} 4. Bd3 {[%emt 0:00:00]}
c5 {[%emt 0:00:01]} 5. c3 {[%emt 0:00:02]} Nf6 {[%emt 0:00:01]} 6. Ne2 {[%emt
0:00:02]} Bd6 {[%emt 0:00:01]} 7. f4 {[%emt 0:00:02]} Ne4 {[%emt 0:00:03]} 8.
O-O {[%emt 0:00:04]} O-O {[%emt 0:00:02]} 9. f5 {[%emt 0:00:01]} Qh4 {[%emt 0:
00:08]} 10. Bf4 {[%emt 0:00:05]} Bxf4 {[%emt 0:00:12]} 11. Rxf4 {[%emt 0:00:02]
} Qg5 {[%emt 0:00:01]} 12. Bxe4 {[%emt 0:00:25]} dxe4 {[%emt 0:00:03]} 13. f6 {
[%emt 0:00:03]} Bg4 {[%emt 0:00:13]} 14. fxg7 {[%emt 0:00:07]} Kxg7 {[%emt 0:
00:09]} 15. Rxe4 {[%emt 0:00:07]} Bf3 {[%emt 0:00:09]} 16. Qf1 {[%emt 0:01:18]}
Bxe4 {[%emt 0:00:08]} 17. Ng3 {[%emt 0:00:02]} f5 {[%emt 0:00:04]} 18. Na3 {
[%emt 0:00:24]} cxd4 {[%emt 0:00:06]} 19. Nb5 {[%emt 0:00:04]} Nc6 {[%emt 0:00:
04]} 20. cxd4 {[%emt 0:00:03]} a6 {[%emt 0:00:01]} 21. Nc7 {[%emt 0:00:04]}
Nxd4 {[%emt 0:00:23]} 22. Rd1 {[%emt 0:00:15]} Rac8 {[%emt 0:00:21]} 23. Qc4 {
[%emt 0:00:22]} Qe3+ {[%emt 0:00:08]} 24. Kh1 {[%emt 0:00:05]} Qf2 {[%emt 0:00:
29]} 25. Qxd4+ {[%emt 0:00:20]} Qxd4 {[%emt 0:00:05]} 26. Ne6+ {[%emt 0:00:01]}
Kf6 {[%emt 0:00:09]} 27. Nxd4 {[%emt 0:00:06]} Rfd8 {[%emt 0:00:01]} 28. Nxe4+
{[%emt 0:00:03]} fxe4 {[%emt 0:00:02]} 29. Rf1+ {[%emt 0:00:01]} Ke5 {[%emt 0:
00:04]} 30. Nb3 {[%emt 0:00:10]} e3 {[%emt 0:00:02]} 31. h4 {[%emt 0:00:07]} e2
{[%emt 0:00:03]} 32. Rf7 {[%emt 0:00:12]} e1=Q+ {[%emt 0:00:04]} 33. Kh2 {
[%emt 0:00:01]} Qxh4+ {[%emt 0:00:01]} 34. Kg1 {[%emt 0:00:01]} Rd1+ {[%emt 0:
00:00]} 35. Rf1 {[%emt 0:00:02]} Rxf1+ {[%emt 0:00:03]} 36. Kxf1 {[%emt 0:00:
01]} Rc2 {[%emt 0:00:02] TapaniS resigns} 0-1

[Event "T-Director's Swiss sytem"]
[Site "playchess.com #662980"]
[Date "2014.03.16"]
[Round "7"]
[White "TapaniS"]
[Black "Zngor"]
[Result "1-0"]
[WhiteElo "1865"]
[BlackElo "1683"]
[PlyCount "75"]
[EventDate "2014.03.16"]
[EventType "swiss (blitz)"]

1. d4 {[%emt 0:00:03]} Nf6 {[%emt 0:00:02]} 2. g4 {[%emt 0:00:02]} d5 {[%emt 0:
00:11]} 3. g5 {[%emt 0:00:01]} Ne4 {[%emt 0:00:01]} 4. f3 {[%emt 0:00:08]} Nd6
{[%emt 0:00:14]} 5. Nc3 {[%emt 0:00:02]} c6 {[%emt 0:00:09]} 6. e4 {[%emt 0:00:
02]} dxe4 {[%emt 0:00:37]} 7. fxe4 {[%emt 0:00:01]} g6 {[%emt 0:00:10]} 8. Nf3
{[%emt 0:00:08]} Bg4 {[%emt 0:00:06]} 9. Be2 {[%emt 0:00:03]} Bg7 {[%emt 0:00:
08]} 10. Be3 {[%emt 0:00:02]} Qb6 {[%emt 0:00:20]} 11. Qd2 {[%emt 0:00:22]}
Bxf3 {[%emt 0:00:30]} 12. Bxf3 {[%emt 0:00:10]} Nc4 {[%emt 0:00:02]} 13. Qe2 {
[%emt 0:00:20]} Nxe3 {[%emt 0:00:16]} 14. Qxe3 {[%emt 0:00:03]} Bxd4 {[%emt 0:
00:01]} 15. Qd3 {[%emt 0:00:02]} Bf2+ {[%emt 0:00:07]} 16. Kd2 {[%emt 0:00:11]}
Qd4 {[%emt 0:00:25]} 17. Rad1 {[%emt 0:00:33]} Be3+ {[%emt 0:00:15]} 18. Ke2 {
[%emt 0:00:03]} Qxd3+ {[%emt 0:00:01]} 19. Rxd3 {[%emt 0:00:11]} Bxg5 {[%emt 0:
00:01]} 20. e5 {[%emt 0:00:04]} O-O {[%emt 0:00:07]} 21. e6 {[%emt 0:00:04]} f5
{[%emt 0:00:12]} 22. h4 {[%emt 0:00:04]} Bf6 {[%emt 0:00:04]} 23. h5 {[%emt 0:
00:01]} Kg7 {[%emt 0:00:10]} 24. Na4 {[%emt 0:00:09]} Na6 {[%emt 0:00:13]} 25.
Rd7 {[%emt 0:00:03]} b5 {[%emt 0:00:03]} 26. Nc3 {[%emt 0:00:14]} Rfd8 {[%emt
0:00:10]} 27. Bxc6 {[%emt 0:00:06]} Rxd7 {[%emt 0:00:09]} 28. exd7 {[%emt 0:00:
04]} Bxc3 {[%emt 0:00:10]} 29. bxc3 {[%emt 0:00:04]} Rd8 {[%emt 0:00:13]} 30.
hxg6 {[%emt 0:00:12]} hxg6 {[%emt 0:00:03]} 31. Bxb5 {[%emt 0:00:01]} Nc5 {
[%emt 0:00:05]} 32. Ke3 {[%emt 0:00:23]} e5 {[%emt 0:00:04]} 33. Bc6 {[%emt 0:
00:14]} Kf6 {[%emt 0:00:09]} 34. Rh7 {[%emt 0:00:03]} f4+ {[%emt 0:00:11]} 35.
Kf3 {[%emt 0:00:04]} Kf5 {[%emt 0:00:20]} 36. Rf7+ {[%emt 0:00:05]} Ke6 {[%emt
0:00:07]} 37. Rg7 {[%emt 0:00:02]} Kf6 {[%emt 0:00:06]} 38. Rh7 {[%emt 0:00:02]
Time} 1-0

[Event "T-Director's Swiss sytem"]
[Site "playchess.com #662980"]
[Date "2014.03.16"]
[Round "9"]
[White "TheAngryTiger"]
[Black "Fabdraguignan"]
[Result "1-0"]
[WhiteElo "1626"]
[BlackElo "1585"]
[PlyCount "82"]
[EventDate "2014.03.16"]
[EventType "swiss (blitz)"]

1. e4 {[%emt 0:00:01]} e5 {[%emt 0:00:03]} 2. Nf3 {[%emt 0:00:01]} Nc6 {[%emt
0:00:05]} 3. Bc4 {[%emt 0:00:01]} Nf6 {[%emt 0:00:06]} 4. d3 {[%emt 0:00:10]}
Bc5 {[%emt 0:00:05]} 5. O-O {[%emt 0:00:04]} d6 {[%emt 0:00:02]} 6. c3 {[%emt
0:00:02]} a6 {[%emt 0:00:01]} 7. Re1 {[%emt 0:00:02]} Qe7 {[%emt 0:00:05]} 8.
Nbd2 {[%emt 0:00:03]} Ba7 {[%emt 0:00:04]} 9. Nf1 {[%emt 0:00:02]} Na5 {[%emt
0:00:14]} 10. Bg5 {[%emt 0:00:12]} Nxc4 {[%emt 0:00:02]} 11. dxc4 {[%emt 0:00:
00]} h6 {[%emt 0:00:02]} 12. Bh4 {[%emt 0:00:04]} g5 {[%emt 0:00:04]} 13. Bg3 {
[%emt 0:00:01]} Bg4 {[%emt 0:00:17]} 14. Ne3 {[%emt 0:00:02]} Bd7 {[%emt 0:00:
13]} 15. Nd5 {[%emt 0:00:28]} Nxd5 {[%emt 0:00:03]} 16. cxd5 {[%emt 0:00:16]}
h5 {[%emt 0:00:09]} 17. h4 {[%emt 0:00:27]} Bg4 {[%emt 0:00:16]} 18. hxg5 {
[%emt 0:00:43]} h4 {[%emt 0:00:08]} 19. Bh2 {[%emt 0:00:04]} h3 {[%emt 0:00:07]
} 20. g3 {[%emt 0:00:01]} O-O-O {[%emt 0:00:25]} 21. Qd3 {[%emt 0:00:02]} Rdg8
{[%emt 0:00:11]} 22. b4 {[%emt 0:00:10]} Bxf3 {[%emt 0:00:15]} 23. Qxf3 {[%emt
0:00:02]} Qxg5 {[%emt 0:00:01]} 24. c4 {[%emt 0:00:20]} Bd4 {[%emt 0:00:17]}
25. Rac1 {[%emt 0:00:04]} Qd2 {[%emt 0:00:29]} 26. c5 {[%emt 0:00:29]} Kb8 {
[%emt 0:00:21]} 27. cxd6 {[%emt 0:00:01]} cxd6 {[%emt 0:00:01]} 28. a4 {[%emt
0:00:50]} Qxb4 {[%emt 0:00:04]} 29. Qxf7 {[%emt 0:00:07]} Rf8 {[%emt 0:00:15]}
30. Qc7+ {[%emt 0:00:10]} Ka8 {[%emt 0:00:04]} 31. Rb1 {[%emt 0:00:03]} Rxf2 {
[%emt 0:00:20]} 32. Rxb4 {[%emt 0:00:32]} Re2+ {[%emt 0:00:01]} 33. Kf1 {[%emt
0:00:08]} Rf2+ {[%emt 0:00:06]} 34. Kg1 {[%emt 0:00:01]} Rc2+ {[%emt 0:00:14]}
35. Kh1 {[%emt 0:00:02]} Rxc7 {[%emt 0:00:02]} 36. Rf1 {[%emt 0:00:04]} Rhc8 {
[%emt 0:00:09]} 37. Bg1 {[%emt 0:00:04]} Bxg1 {[%emt 0:00:05]} 38. Kxg1 {[%emt
0:00:01]} Rc2 {[%emt 0:00:09]} 39. Rfb1 {[%emt 0:00:03]} R8c7 {[%emt 0:00:06]}
40. R4b2 {[%emt 0:00:07]} h2+ {[%emt 0:00:15]} 41. Kh1 {[%emt 0:00:02]} Rxb2 {
[%emt 0:00:14] Fabdraguignan abandonne} 1-0

[Event "T-Director's Swiss sytem"]
[Site "playchess.com #662980"]
[Date "2014.03.16"]
[Round "6"]
[White "TheAngryTiger"]
[Black "Grunfelder"]
[Result "1-0"]
[WhiteElo "1626"]
[BlackElo "1311"]
[PlyCount "45"]
[EventDate "2014.03.16"]
[EventType "swiss (blitz)"]

1. e4 {[%emt 0:00:01]} c5 {[%emt 0:00:02]} 2. d4 {[%emt 0:00:02]} cxd4 {[%emt
0:00:02]} 3. c3 {[%emt 0:00:01]} dxc3 {[%emt 0:00:01]} 4. Nxc3 {[%emt 0:00:02]}
d6 {[%emt 0:00:03]} 5. Bc4 {[%emt 0:00:03]} a6 {[%emt 0:00:04]} 6. Nf3 {[%emt
0:00:09]} Nc6 {[%emt 0:00:01]} 7. O-O {[%emt 0:00:01]} Nf6 {[%emt 0:00:03]} 8.
Qe2 {[%emt 0:00:02]} g6 {[%emt 0:00:01]} 9. Rd1 {[%emt 0:00:01]} Nd7 {[%emt 0:
00:01]} 10. Bxf7+ {[%emt 0:01:06]} Kxf7 {[%emt 0:00:16]} 11. Qc4+ {[%emt 0:00:
05]} e6 {[%emt 0:00:01]} 12. Ng5+ {[%emt 0:00:02]} Ke8 {[%emt 0:01:02]} 13.
Nxe6 {[%emt 0:00:07]} Nde5 {[%emt 0:00:26]} 14. Qd5 {[%emt 0:00:12]} Bxe6 {
[%emt 0:00:10]} 15. Qxe6+ {[%emt 0:00:04]} Qe7 {[%emt 0:00:01]} 16. Qh3 {[%emt
0:00:11]} Bg7 {[%emt 0:00:18]} 17. Nd5 {[%emt 0:00:02]} Qd7 {[%emt 0:00:09]}
18. Qb3 {[%emt 0:00:22]} Rb8 {[%emt 0:01:01]} 19. f4 {[%emt 0:00:34]} Ng4 {
[%emt 0:00:19]} 20. e5 {[%emt 0:00:30]} Ngxe5 {[%emt 0:00:34]} 21. fxe5 {[%emt
0:00:06]} Bxe5 {[%emt 0:00:02]} 22. Re1 {[%emt 0:00:39]} b5 {[%emt 0:00:04]}
23. Nf6+ {[%emt 0:00:05] Grunfelder abandonne} 1-0

[Event "T-Director's Swiss sytem"]
[Site "playchess.com #662980"]
[Date "2014.03.16"]
[Round "3"]
[White "TheAngryTiger"]
[Black "Khennous8"]
[Result "0-1"]
[WhiteElo "1667"]
[BlackElo "1910"]
[PlyCount "78"]
[EventDate "2014.03.16"]
[EventType "swiss (blitz)"]

1. e4 {[%emt 0:00:01]} c5 {[%emt 0:00:01]} 2. d4 {[%emt 0:00:01]} cxd4 {[%emt
0:00:01]} 3. c3 {[%emt 0:00:00]} d3 {[%emt 0:00:01]} 4. Bxd3 {[%emt 0:00:02]}
d6 {[%emt 0:00:01]} 5. Nf3 {[%emt 0:00:02]} Nf6 {[%emt 0:00:00]} 6. O-O {[%emt
0:00:01]} g6 {[%emt 0:00:01]} 7. Bg5 {[%emt 0:00:03]} Bg7 {[%emt 0:00:01]} 8.
Qd2 {[%emt 0:00:01]} Bg4 {[%emt 0:00:07]} 9. Nd4 {[%emt 0:00:10]} O-O {[%emt 0:
00:18]} 10. Bh6 {[%emt 0:00:03]} Nc6 {[%emt 0:00:02]} 11. Bxg7 {[%emt 0:00:01]}
Kxg7 {[%emt 0:00:01]} 12. Na3 {[%emt 0:00:26]} Rc8 {[%emt 0:00:08]} 13. Nc4 {
[%emt 0:00:34]} Ne5 {[%emt 0:00:21]} 14. Ne3 {[%emt 0:00:18]} Bd7 {[%emt 0:00:
28]} 15. Bc2 {[%emt 0:00:28]} a6 {[%emt 0:00:23]} 16. f4 {[%emt 0:00:07]} Nc4 {
[%emt 0:00:01]} 17. Nxc4 {[%emt 0:00:02]} Rxc4 {[%emt 0:00:02]} 18. e5 {[%emt
0:00:14]} Ne8 {[%emt 0:00:06]} 19. Kh1 {[%emt 0:00:05]} Qc7 {[%emt 0:00:08]}
20. Bb3 {[%emt 0:00:18]} Rc5 {[%emt 0:00:07]} 21. e6 {[%emt 0:00:04]} fxe6 {
[%emt 0:00:22]} 22. Bxe6 {[%emt 0:00:02]} Bb5 {[%emt 0:00:08]} 23. Bb3 {[%emt
0:00:21]} Rf6 {[%emt 0:00:20]} 24. Rfe1 {[%emt 0:00:16]} Kh8 {[%emt 0:01:00]}
25. Ne6 {[%emt 0:00:06]} Rxe6 {[%emt 0:00:05]} 26. Rxe6 {[%emt 0:00:09]} Ng7 {
[%emt 0:00:03]} 27. Qd4 {[%emt 0:00:14]} Bc4 {[%emt 0:00:24]} 28. Rae1 {[%emt
0:00:32]} Bxe6 {[%emt 0:00:08]} 29. Rxe6 {[%emt 0:00:17]} Qd7 {[%emt 0:00:08]}
30. Re1 {[%emt 0:00:46]} h6 {[%emt 0:00:13]} 31. Be6 {[%emt 0:00:04]} Qd8 {
[%emt 0:00:16] '} 32. Bb3 {[%emt 0:00:02]} Kh7 {[%emt 0:00:01]} 33. h4 {[%emt
0:00:03]} Nf5 {[%emt 0:00:04]} 34. Qe4 {[%emt 0:00:04]} e5 {[%emt 0:00:05]} 35.
Qxb7+ {[%emt 0:00:03]} Rc7 {[%emt 0:00:08]} 36. Qd5 {[%emt 0:00:02]} Qxh4+ {
[%emt 0:00:16]} 37. Kg1 {[%emt 0:00:02]} Rg7 {[%emt 0:00:01]} 38. fxe5 {[%emt
0:00:02]} Qxe1+ {[%emt 0:00:02]} 39. Kh2 {[%emt 0:00:02]} Qxe5+ {[%emt 0:00:01]
TheAngryTiger abandonne} 0-1